000 00630cam a22002293a 4500
001 11396
003 PGUSA
005 20140828083236.0
008 040301s2004||||xxu|||||s|||||000 1 eng d
040 _aPGUSA
_beng
042 _adc
050 4 _aPT
100 1 _aBang, Herman,
_d1857-1912
245 1 0 _aFædra :
_bBrudstykker af et Livs Historie
_h[electronic resource] /
_cHerman Bang
260 _bProject Gutenberg,
_c2004
506 _aPublic domain in the USA.
516 _aElectronic text
653 _aFiction
830 0 _aProject Gutenberg
_v11396
856 4 0 _uhttp://www.gutenberg.org/ebooks/11396
942 _cEB
999 _c240651
_d240651